00441nam a22001457a 4500010001400000020002500014035001300039037001300052082000800065100002600073245006200099260004200161270006300203300002900266 aENG-97002 a9788128812866c95.00 aEN-80535 bDBAD/PUB a921 aTiwari, Prateeksha M. aPride of the nation Ratan Tata /cby Prateeksha M. Tiwari aNew DelhibDiamond Pocket Booksc2009 aX-30, Okhla Industrial Area, Phase - IIbNew Delhie110020 a176p.:bill.c21cm (pbk)